000 01561nam a22001937a 4500
003 OSt
005 20260409110044.0
008 260409b |||||||| |||| 00| 0 SPA d
082 _29786071713667
100 _aEugene Long y William Buckwald
245 _alibro Inglés idiomático 1
250 _a9ª edición
260 _aCiudad de México, México
_b Trillas
_c2012-2013
300 _a 256 pág
_g 15 x 1.2 x 23 cm
490 _3Tapa blanda (Paperback)
520 _aEl objetivo principal de Inglés idiomático 1 es facilitar el aprendizaje del idioma mediante un enfoque práctico y estructurado para principiantes. El libro busca que el estudiante desarrolle habilidades de comunicación básicas a través de situaciones de la vida cotidiana. Se enfoca en la enseñanza de estructuras gramaticales esenciales combinadas con un vocabulario funcional y actual. Además, promueve la comprensión auditiva y la expresión oral mediante ejercicios repetitivos y contextualizados. Los autores diseñaron el material para que el alumno pueda interactuar de forma natural en entornos sociales básicos. También incluye secciones dedicadas a la lectura y escritura para lograr un equilibrio en las cuatro competencias lingüísticas. Finalmente, el texto pretende que el usuario adquiera confianza al hablar, utilizando modismos y frases comunes del inglés americano. Es una herramienta diseñada para sentar bases sólidas en el estudio formal del idioma a nivel bachillerato o técnico.
700 _aEugene Long y William Buckwald
942 _2ddc
_cBKA
_n0
999 _c2058
_d2058